[Event "Barcelona Sant Marti op-A 25th"]
[Site "Barcelona"]
[Date "2025.07.13"]
[Round "1"]
[White "Sharvaanica, AS."]
[Black "Blasco Cardona, Pol"]
[Result "0-1"]
[WhiteElo "1884"]
[BlackElo "2131"]
[PlyCount "144"]
[EventDate "2025.07.13"]
[EventType "swiss"]
[EventRounds "9"]
[EventCountry "ESP"]
[SourceTitle "CB30_2025"]
[SourceDate "2025.07.23"]
[SourceVersion "1"]
[SourceVersionDate "2025.07.23"]
[SourceQuality "1"]

1. d4 d5 2. Bg5 f6 3. Bd2 c5 4. dxc5 e5 5. e4 Bxc5 6. Nc3 d4 7. Nd5 Be6 8. Bc4 Nd7 9. Qh5+ g6 10. Qf3 Nb6 11. Bb3 Bxd5 12. exd5 Qd6 13. c4 dxc3 14. Bxc3 Ne7 15. Rd1 0-0-0 16. Ne2 Rhe8 17. 0-0 Kb8 18. a4 f5 19. a5 Nbxd5 20. Ba4 Nc6 21. b4 e4 22. Qg3 Qxg3 23. hxg3 Nxc3 24. Nxc3 Bxb4 25. Rb1 Re6 26. a6 b6 27. Rfc1 Bxc3 28. Rxc3 Nd4 29. Rc4 Red6 30. Kf1 Ne6 31. Rc2 Rd1+ 32. Rxd1 Rxd1+ 33. Ke2 Ra1 34. Rc4 Ra2+ 35. Ke3 Ra3+ 36. Ke2 Nc5 37. Be8 Rxa6 38. Bf7 g5 39. Bg8 f4 40. gxf4 gxf4 41. Bxh7 Ra2+ 42. Kf1 Ra1+ 43. Ke2 Ra2+ 44. Kf1 f3 45. gxf3 exf3 46. Rc1 a5 47. Rb1 Kc7 48. Bg8 Rd2 49. Ke1 Re2+ 50. Kf1 Nd3 51. Bc4 Rxf2+ 52. Kg1 Rg2+ 53. Kf1 Ne5 54. Bd5 Rd2 55. Be4 f2 56. Rc1+ Kd6 57. Rb1 Nc4 58. Kg2 Ne3+ 59. Kf3 f1Q+ 60. Rxf1 Nxf1 61. Kf4 Rd4 62. Kf3 Nd2+ 63. Ke3 Rxe4+ 64. Kxd2 Rh4 65. Kc3 a4 66. Kb2 Rh3 67. Ka2 Kc5 68. Kb2 Kb4 69. Kc2 a3 70. Kb1 Rh2 71. Ka1 Kb3 72. Kb1 Rh1# 0-1

[Event "Kuwait op 1st"]
[Site "Kuwait City"]
[Date "2025.01.13"]
[Round "9"]
[White "Saksham, Upadhyay"]
[Black "Sharvaanica, AS."]
[Result "1/2-1/2"]
[WhiteElo "1903"]
[BlackElo "2030"]
[PlyCount "59"]
[EventDate "2025.01.05"]
[EventType "swiss"]
[EventRounds "9"]
[EventCountry "KUW"]
[SourceTitle "CB03_2025"]
[SourceDate "2025.01.15"]
[SourceVersion "1"]
[SourceVersionDate "2025.01.15"]
[SourceQuality "1"]

1. e4 d5 2. exd5 Qxd5 3. Nc3 Qa5 4. d4 Nf6 5. Bc4 Bf5 6. Nf3 e6 7. 0-0 Be7 8. Ne5 0-0 9. Ne2 Rd8 10. c3 c5 11. Qb3 cxd4 12. cxd4 Qb6 13. Be3 Nc6 14. Rac1 Rac8 15. f4 Nb4 16. Ng3 Be4 17. Nxe4 Nxe4 18. f5 Nd2 19. Bxd2 Qxd4+ 20. Kh1 Qxd2 21. Nxf7 b5 22. Nh6+ Kh8 23. Nf7+ Kg8 24. Nh6+ Kh8 25. Nf7+ Kg8 26. Nh6+ Kf8 27. fxe6+ Bf6 28. e7+ Kxe7 29. Rce1+ Kf8 30. Rc1 1/2-1/2

[Event "Kuwait op 1st"]
[Site "Kuwait City"]
[Date "2025.01.10"]
[Round "6"]
[White "Rashed Abubaker, Alhemeiri"]
[Black "Sharvaanica, AS."]
[Result "1-0"]
[WhiteElo "1796"]
[BlackElo "2030"]
[PlyCount "133"]
[EventDate "2025.01.05"]
[EventType "swiss"]
[EventRounds "9"]
[EventCountry "KUW"]
[SourceTitle "CB03_2025"]
[SourceDate "2025.01.15"]
[SourceVersion "1"]
[SourceVersionDate "2025.01.15"]
[SourceQuality "1"]

1. e4 e6 2. d4 d5 3. Nc3 Nf6 4. e5 Nfd7 5. Nce2 c5 6. c3 Nc6 7. Nf3 Be7 8. a3 a5 9. Nf4 Qb6 10. h4 a4 11. Be2 Ra7 12. Qd3 Na5 13. Rb1 Nb3 14. Be3 Qc7 15. Ng5 Nf8 16. Nh5 g6 17. Ng7+ Kd7 18. Nxf7 Rg8 19. Bh6 cxd4 20. cxd4 Qa5+ 21. Kf1 Rxg7 22. Qb5+ Qxb5 23. Bxb5+ Kc7 24. Bxg7 Nd2+ 25. Ke2 Nxb1 26. Rxb1 Nd7 27. Ng5 Nb6 28. Nxh7 Bxh4 29. Bf6 Bxf6 30. exf6 Bd7 31. Rc1+ Kd6 32. Bd3 Be8 33. Ng5 Nd7 34. f7 Bxf7 35. Nxf7+ Ke7 36. Rc7 Kxf7 37. Rxd7+ Kf6 38. f4 Ra8 39. Rxb7 Rh8 40. b3 axb3 41. Rxb3 g5 42. fxg5+ Kxg5 43. a4 Ra8 44. Bb5 Kf4 45. Re3 Kf5 46. Re5+ Kf6 47. g4 Rh8 48. g5+ Ke7 49. Kd2 Rh2+ 50. Kc3 Rh3+ 51. Kb4 Rh1 52. Kc5 Rc1+ 53. Kb6 Rd1 54. a5 Rxd4 55. a6 Rh4 56. a7 Rh8 57. Kb7 Kd6 58. Re2 e5 59. a8Q Rxa8 60. Kxa8 e4 61. g6 Ke7 62. g7 Kf7 63. Rg2 Kg8 64. Bc6 d4 65. Bd5+ Kh7 66. g8Q+ Kh6 67. Qh8# 1-0

[Event "Kuwait op 1st"]
[Site "Kuwait City"]
[Date "2025.01.09"]
[Round "5"]
[White "Sharvaanica, AS."]
[Black "Alazmi, Amani"]
[Result "1-0"]
[WhiteElo "2030"]
[BlackElo "1648"]
[PlyCount "65"]
[EventDate "2025.01.05"]
[EventType "swiss"]
[EventRounds "9"]
[EventCountry "KUW"]
[SourceTitle "CB03_2025"]
[SourceDate "2025.01.15"]
[SourceVersion "1"]
[SourceVersionDate "2025.01.15"]
[SourceQuality "1"]

1. d4 c6 2. Bf4 Qb6 3. b3 d6 4. Nf3 Nf6 5. e3 Nbd7 6. Nbd2 Qa5 7. Bc4 Nb6 8. Bd3 h6 9. 0-0 Nh5 10. Bg3 Nxg3 11. hxg3 Bg4 12. c4 h5 13. Qc2 Nd7 14. b4 Qc7 15. c5 Nf6 16. e4 Rh6 17. Qb3 Be6 18. Qc2 Ng4 19. Bc4 d5 20. exd5 cxd5 21. Bb5+ Bd7 22. a4 g6 23. Rfe1 Bg7 24. Qb3 Bxb5 25. axb5 Qd7 26. b6 a6 27. b5 g5 28. c6 bxc6 29. bxa6 h4 30. b7 Rd8 31. b8Q hxg3 32. Qxg3 f5 33. Qb7 1-0

[Event "Muensterland op 41st"]
[Site "Muenster"]
[Date "2024.10.17"]
[Round "7"]
[White "Sharvaanica, AS."]
[Black "Mueller, Frank1"]
[Result "1/2-1/2"]
[WhiteElo "1915"]
[BlackElo "2277"]
[PlyCount "168"]
[EventDate "2024.10.12"]
[EventType "swiss"]
[EventRounds "9"]
[EventCountry "GER"]
[SourceTitle "CB43_2024"]
[Source "Chessbase"]
[SourceDate "2024.10.23"]
[SourceVersion "1"]
[SourceVersionDate "2024.10.23"]
[SourceQuality "1"]

1. d4 Nf6 2. Bf4 g6 3. Nc3 d5 4. e3 Bg7 5. h4 h5 6. Nf3 0-0 7. Bd3 c5 8. Ne5 Nc6 9. dxc5 Qa5 10. Qd2 Qxc5 11. 0-0-0 Nb4 12. a3 Nxd3+ 13. Nxd3 Qb6 14. f3 Be6 15. Be5 Bh6 16. Bd4 Qxd4 17. exd4 Bxd2+ 18. Rxd2 Bf5 19. Ne5 e6 20. Rg1 Rad8 21. g4 hxg4 22. fxg4 Be4 23. Re2 Kg7 24. g5 Nd7 25. Nxd7 Rxd7 26. Nxe4 dxe4 27. Rxe4 Rfd8 28. c3 Rd5 29. Rf1 R8d7 30. Kc2 Rc7 31. Kd3 b5 32. Rfe1 a6 33. Re5 Rd8 34. b4 Rh8 35. R1e4 Rb7 36. Rc5 Ra8 37. Ree5 Rh8 38. Rc6 Rxh4 39. Rxa6 Rh3+ 40. Kc2 Rf3 41. Ra5 Rf5 42. Kd3 f6 43. gxf6+ Kxf6 44. Ke4 Rb6 45. Ra8 Kf7 46. d5 exd5+ 47. Rxd5 Rc6 48. Rxf5+ gxf5+ 49. Kxf5 Rxc3 50. Ke5 Ke7 51. Kd4 Rc4+ 52. Kd5 Kd7 53. Ra7+ Kc8 54. Ra5 Rc3 55. Kd6 Kb7 56. Rxb5+ Ka6 57. Ra5+ Kb6 58. Kd5 Rh3 59. Kc4 Rg3 60. Rb5+ Ka6 61. Ra5+ Kb6 62. Rb5+ Ka6 63. a4 Rg4+ 64. Kc5 Rg5+ 65. Kc6 Rg6+ 66. Kd7 Rg7+ 67. Ke6 Rg4 68. Kf5 Rh4 69. Ke6 Rg4 70. Kf5 Rh4 71. Kg5 Rd4 72. Rb8 Ka7 73. Rb5 Ka6 74. Ra5+ Kb6 75. Rb5+ Ka6 76. Kf6 Rh4 77. Ke6 Rh6+ 78. Kd5 Rh5+ 79. Kc6 Rh6+ 80. Kc7 Rh7+ 81. Kc6 Rh6+ 82. Kc7 Rh7+ 83. Kc6 Rh6+ 84. Kc7 Rh7+ 1/2-1/2

[Event "Muensterland op 41st"]
[Site "Muenster"]
[Date "2024.10.16"]
[Round "6"]
[White "Winkler, Yonathan"]
[Black "Sharvaanica, AS."]
[Result "1-0"]
[WhiteElo "2147"]
[BlackElo "1915"]
[PlyCount "79"]
[EventDate "2024.10.12"]
[EventType "swiss"]
[EventRounds "9"]
[EventCountry "GER"]
[SourceTitle "CB43_2024"]
[Source "Chessbase"]
[SourceDate "2024.10.23"]
[SourceVersion "1"]
[SourceVersionDate "2024.10.23"]
[SourceQuality "1"]

1. e4 e6 2. d4 d5 3. exd5 exd5 4. Nf3 Nc6 5. Bb5 Bd6 6. c4 dxc4 7. d5 a6 8. Ba4 b5 9. dxc6 bxa4 10. 0-0 Ne7 11. Nbd2 c3 12. bxc3 Nxc6 13. Ne4 0-0 14. Nxd6 Qxd6 15. Qxa4 Qg6 16. Bf4 Ra7 17. Rfe1 h6 18. Rad1 Bg4 19. Re3 Bxf3 20. Rxf3 Rd8 21. Rxd8+ Nxd8 22. Qe8+ Kh7 23. h3 Ne6 24. Be3 c5 25. Kh2 Rc7 26. Rg3 Qf6 27. Qa8 Nd8 28. Rf3 Qe7 29. Qxa6 Ne6 30. Qc4 Ra7 31. Qd5 Qc7+ 32. Rg3 Qa5 33. f4 Qxa2 34. Qe4+ g6 35. f5 Nf8 36. Bxc5 Ra8 37. Bxf8 Rxf8 38. fxg6+ fxg6 39. Qxg6+ Kh8 40. Qg7# 1-0

[Event "Titled Tuesday intern op 03rd Sep Early"]
[Site "Chess.com INT"]
[Date "2024.09.03"]
[Round "8"]
[White "Poddubnyi, Viktor"]
[Black "Sharvaanica, AS."]
[Result "1-0"]
[WhiteElo "2304"]
[BlackElo "1915"]
[PlyCount "115"]
[EventDate "2024.09.03"]
[EventType "swiss (blitz)"]
[EventRounds "11"]
[EventCountry "USA"]
[SourceTitle "EXT 2025"]
[Source "ChessBase"]
[SourceDate "2024.10.14"]
[SourceVersion "1"]
[SourceVersionDate "2024.10.14"]
[SourceQuality "1"]

1. e4 e6 2. d4 d5 3. Nd2 c5 4. exd5 Qxd5 5. Ngf3 cxd4 6. Bc4 Qd6 7. 0-0 Nc6 8. Nb3 Nf6 9. Nbxd4 Nxd4 10. Qxd4 Qxd4 11. Nxd4 Be7 12. Nb5 0-0 13. Bf4 Bd7 14. Rad1 Bc6 15. Nd4 Rac8 16. Nxc6 Rxc6 17. Bb3 h6 18. Rd3 Rfc8 19. Rfd1 a6 20. Kf1 b5 21. Bd6 Bxd6 22. Rxd6 a5 23. Rxc6 Rxc6 24. c3 a4 25. Rd8+ Kh7 26. Bc2+ g6 27. a3 Kg7 28. Rb8 Rc5 29. Bd3 Ng4 30. h3 Ne5 31. Bxb5 Rd5 32. Ke2 g5 33. Bxa4 Ng6 34. g3 Nf4+ 35. gxf4 gxf4 36. Bc2 f3+ 37. Kxf3 Rd2 38. Be4 f5 39. Bc6 Kf6 40. a4 Rd3+ 41. Kg2 Rd6 42. Rc8 Ke7 43. a5 e5 44. a6 Rd1 45. a7 Ra1 46. a8Q Rxa8 47. Bxa8 f4 48. Kf3 Ke6 49. Ke4 h5 50. Rc6+ Kd7 51. Kxe5 h4 52. Rh6 Ke7 53. Rh7+ Ke8 54. Ke6 Kd8 55. Bc6 Kc8 56. Kd6 Kb8 57. b4 f3 58. b5 1-0

[Event "Titled Tuesday intern op 03rd Sep Early"]
[Site "Chess.com INT"]
[Date "2024.09.03"]
[Round "3"]
[White "Sharvaanica, AS."]
[Black "Beydullayeva, Govhar"]
[Result "0-1"]
[WhiteElo "1915"]
[BlackElo "2395"]
[PlyCount "104"]
[EventDate "2024.09.03"]
[EventType "swiss (blitz)"]
[EventRounds "11"]
[EventCountry "USA"]
[SourceTitle "EXT 2025"]
[Source "ChessBase"]
[SourceDate "2024.10.14"]
[SourceVersion "1"]
[SourceVersionDate "2024.10.14"]
[SourceQuality "1"]

1. d4 d5 2. c4 e6 3. Nf3 Nf6 4. g3 dxc4 5. Bg2 Nc6 6. 0-0 a6 7. a4 Rb8 8. Bf4 Bd6 9. Ne5 Bxe5 10. dxe5 Nd5 11. Qd2 Nxf4 12. Qxf4 0-0 13. Na3 Qd4 14. e3 Qxf4 15. exf4 Na5 16. Rac1 b5 17. Rfd1 Nb3 18. Rc2 c5 19. Rd6 Nd4 20. Rd2 Bb7 21. Bxb7 Rxb7 22. Kg2 bxa4 23. Nxc4 Rb4 24. Ne3 h6 25. Rxa6 Rfb8 26. Nd1 Rb3 27. Rxa4 Nf3 28. Rc2 Ne1+ 29. Kf1 Nxc2 30. Rc4 Nd4 31. Rxc5 R3b5 32. Rc3 Rb3 33. Rc4 Nb5 34. Ne3 Rxb2 35. Rc5 Rb1+ 36. Kg2 Nd4 37. Rc7 Nf5 38. Nc4 Rc1 39. Rc6 Rb4 40. Rc8+ Kh7 41. Nd6 Rxc8 42. Nxc8 Rb2 43. Na7 Rb6 44. Nc6 Rxc6 45. f3 Ne3+ 46. Kh3 Nd5 47. g4 g6 48. Kg3 Rc2 49. h4 Ne3 50. f5 gxf5 51. gxf5 Nxf5+ 52. Kf4 Rc4# 0-1

[Event "Forni di Sopra op 15th"]
[Site "Forni di Sopra"]
[Date "2024.06.13"]
[Round "7"]
[White "Cheah, Kah Hoe"]
[Black "Sharvaanica, AS."]
[Result "0-1"]
[WhiteElo "1991"]
[BlackElo "1766"]
[PlyCount "124"]
[EventDate "2024.06.08"]
[EventType "swiss"]
[EventRounds "9"]
[EventCountry "ITA"]
[SourceTitle "CBM 220 Extra"]
[Source "ChessBase"]
[SourceDate "2024.07.31"]
[SourceVersion "1"]
[SourceVersionDate "2024.07.31"]
[SourceQuality "1"]

1. e4 c6 2. Nf3 d5 3. exd5 cxd5 4. d4 Nc6 5. Ne5 Nf6 6. c3 Bf5 7. g4 Bg6 8. h4 e6 9. Nd2 h6 10. Nxg6 fxg6 11. Bd3 Kf7 12. g5 hxg5 13. Nf3 Qe8 14. Qc2 Ne7 15. Bxg5 Nf5 16. Ne5+ Kg8 17. 0-0-0 Nxd4 18. Bxg6 Nxc2 19. Bxe8 Rxe8 20. Kxc2 Ne4 21. Ng4 Bc5 22. Be3 b6 23. Kd3 Rf8 24. h5 Nf6 25. Nxf6+ Rxf6 26. Rdg1 Kf7 27. Rg5 Rfh6 28. Bf4 Be7 29. Re5 R6h7 30. h6 Bd6 31. hxg7 Rxh1 32. gxh8Q Rxh8 33. Rxd5 exd5 34. Bxd6 Ke6 35. Bf4 Rh3+ 36. Be3 Ke5 37. a4 Rh4 38. b3 Kd6 39. a5 Kc6 40. axb6 axb6 41. c4 b5 42. cxb5+ Kxb5 43. Kc3 Rh8 44. Kd4 Rh5 45. Bd2 Kc6 46. Be3 Rh4+ 47. Kd3 Kd6 48. f4 Rh3 49. b4 Kc6 50. Kd4 Kb5 51. f5 Rf3 52. Kxd5 Rxe3 53. f6 Rf3 54. Ke6 Kc6 55. b5+ Kc7 56. Ke7 Re3+ 57. Kf8 Kd7 58. b6 Re8+ 59. Kg7 Rb8 60. f7 Ke7 61. b7 Rf8 62. Kg6 Ke6 0-1

[Event "Forni di Sopra op 15th"]
[Site "Forni di Sopra"]
[Date "2024.06.12"]
[Round "6"]
[White "Sharvaanica, AS."]
[Black "Andreev, Konstantin1"]
[Result "0-1"]
[WhiteElo "1766"]
[BlackElo "2240"]
[PlyCount "112"]
[EventDate "2024.06.08"]
[EventType "swiss"]
[EventRounds "9"]
[EventCountry "ITA"]
[SourceTitle "CBM 220 Extra"]
[Source "ChessBase"]
[SourceDate "2024.07.31"]
[SourceVersion "1"]
[SourceVersionDate "2024.07.31"]
[SourceQuality "1"]

1. d4 Nf6 2. c4 e6 3. Nf3 d5 4. g3 dxc4 5. Bg2 Bb4+ 6. Bd2 a5 7. 0-0 0-0 8. Qc2 Bxd2 9. Nbxd2 b5 10. a4 c6 11. Ne5 Ra6 12. Ndf3 h6 13. Rfd1 Bb7 14. Nd2 Qb6 15. b3 cxb3 16. Nxb3 b4 17. Nc5 Ra7 18. e4 Ba8 19. Rac1 Rc8 20. Nc4 Qc7 21. Bh3 Nbd7 22. e5 Nxc5 23. Nd6 Nxa4 24. Qxa4 Rb8 25. Bf1 Nd5 26. Rd3 Nc3 27. Qc2 c5 28. dxc5 Qc6 29. f3 Qxc5+ 30. Kg2 Qxe5 31. Nc4 Qc5 32. Nd6 Bd5 33. Ne4 Nxe4 34. Qxc5 Nxc5 35. Rxc5 b3 36. Rdc3 a4 37. Bd3 g6 38. Kf2 a3 39. Bb1 a2 40. Rc8+ Rxc8 41. Rxc8+ Kg7 42. Bxa2 bxa2 43. Rc1 a1Q 44. Rxa1 Rxa1 45. f4 Kf6 46. g4 e5 47. fxe5+ Kxe5 48. Ke3 Ra3+ 49. Ke2 Bf3+ 50. Kf2 Kf4 51. h3 Ra2+ 52. Kf1 Ke3 53. Kg1 Rg2+ 54. Kh1 Kf2 55. h4 Rg1+ 56. Kh2 Rh1# 0-1

[Event "Forni di Sopra op 15th"]
[Site "Forni di Sopra"]
[Date "2024.06.11"]
[Round "5"]
[White "Verga, Francesco"]
[Black "Sharvaanica, AS."]
[Result "1-0"]
[WhiteElo "2079"]
[BlackElo "1766"]
[PlyCount "99"]
[EventDate "2024.06.08"]
[EventType "swiss"]
[EventRounds "9"]
[EventCountry "ITA"]
[SourceTitle "CBM 220 Extra"]
[Source "ChessBase"]
[SourceDate "2024.07.31"]
[SourceVersion "1"]
[SourceVersionDate "2024.07.31"]
[SourceQuality "1"]

1. e4 c6 2. d4 d5 3. e5 Bf5 4. h4 h5 5. Bd3 Bxd3 6. Qxd3 e6 7. Nf3 Ne7 8. Bg5 Qb6 9. Nbd2 Nf5 10. 0-0 c5 11. c4 dxc4 12. Nxc4 Qc6 13. dxc5 Nd7 14. Nd6+ Bxd6 15. cxd6 0-0 16. Rac1 Qb6 17. b3 Rac8 18. Rfd1 Nc5 19. Qe2 Nd7 20. Qd2 Qb5 21. Rc7 Nc5 22. Rxc8 Rxc8 23. d7 Nxd7 24. Qxd7 Qxd7 25. Rxd7 Rc2 26. a4 b6 27. Nd4 Rc3 28. Nxf5 exf5 29. Rxa7 Rxb3 30. Be3 Rb4 31. g3 b5 32. Ra8+ Kh7 33. a5 Ra4 34. a6 b4 35. a7 b3 36. Rb8 Ra3 37. Kg2 Kg6 38. a8Q Rxa8 39. Rxa8 b2 40. Rb8 Kh7 41. Rxb2 Kg6 42. Kf3 Kh7 43. Kf4 g6 44. Kg5 Kg7 45. Rb7 Kg8 46. Bc5 Kg7 47. Ra7 Kg8 48. Kh6 f6 49. e6 f4 50. Ra8# 1-0

[Event "Zalakaros op 43rd"]
[Site "Zalakaros"]
[Date "2024.05.29"]
[Round "5"]
[White "Sharvaanica, AS."]
[Black "Marta, Dominik"]
[Result "0-1"]
[WhiteElo "1768"]
[BlackElo "2136"]
[PlyCount "56"]
[EventDate "2024.05.25"]
[EventType "swiss"]
[EventRounds "9"]
[EventCountry "HUN"]
[SourceTitle "CBM 220 Extra"]
[Source "ChessBase"]
[SourceDate "2024.07.31"]
[SourceVersion "1"]
[SourceVersionDate "2024.07.31"]
[SourceQuality "1"]

1. d4 Nf6 2. c4 e6 3. Nf3 d5 4. g3 Be7 5. Bg2 0-0 6. 0-0 dxc4 7. Qa4 a6 8. Qxc4 b5 9. Qc2 Bb7 10. Bd2 Ra7 11. Rc1 Be4 12. Qb3 Nc6 13. Qe3 Bxf3 14. Bxf3 Nxd4 15. Bg2 c5 16. Nc3 Rd7 17. Be1 Ng4 18. Qe4 f5 19. Qb1 b4 20. Na4 Nxe2+ 21. Kh1 Nxc1 22. Qxc1 Qc7 23. Qc4 Qe5 24. h3 Rfd8 25. Bf3 Rd1 26. Bxd1 Qxe1+ 27. Kg2 Qxf2+ 28. Kh1 Qh2# 0-1

[Event "Zalakaros op 43rd"]
[Site "Zalakaros"]
[Date "2024.05.27"]
[Round "3"]
[White "Tompa, Janos"]
[Black "Sharvaanica, AS."]
[Result "1-0"]
[WhiteElo "2270"]
[BlackElo "1768"]
[PlyCount "99"]
[EventDate "2024.05.25"]
[EventType "swiss"]
[EventRounds "9"]
[EventCountry "HUN"]
[SourceTitle "CBM 220 Extra"]
[Source "ChessBase"]
[SourceDate "2024.07.31"]
[SourceVersion "1"]
[SourceVersionDate "2024.07.31"]
[SourceQuality "1"]

1. e4 c6 2. Nc3 d5 3. Nf3 Bg4 4. h3 Bh5 5. exd5 cxd5 6. Bb5+ Nc6 7. d4 e6 8. g4 Bg6 9. Ne5 Rc8 10. h4 f6 11. Nxg6 hxg6 12. Qd3 Kf7 13. a3 Bd6 14. Bd2 Nge7 15. Bxc6 Nxc6 16. h5 Ne7 17. hxg6+ Nxg6 18. 0-0-0 Qb6 19. Ne2 Qc6 20. Bc3 b5 21. Kb1 Qb6 22. Bb4 Bxb4 23. axb4 a5 24. Rxh8 Rxh8 25. f4 Ne7 26. f5 exf5 27. gxf5 Rh5 28. bxa5 Qxa5 29. Ng3 Rh3 30. Qe2 Qc7 31. Qe6+ Kf8 32. Nf1 Qc6 33. Qe2 Rh4 34. Ng3 Qd6 35. Re1 Rxd4 36. Qh2 Rg4 37. Qh8+ Ng8 38. Qh5 Re4 39. Nxe4 dxe4 40. Rxe4 Ne7 41. Re1 b4 42. Rd1 Qb6 43. Qf3 Nc6 44. Qd5 Ne7 45. Qe4 b3 46. cxb3 Qxb3 47. Rd8+ Kf7 48. Rd7 Qb5 49. Qxe7+ Kg8 50. Qxg7# 1-0

[Event "Madurai Athens of the East op-B U1600"]
[Site "Madurai"]
[Date "2023.12.28"]
[Round "4"]
[White "Prawin, K."]
[Black "Sharvaanica, AS."]
[Result "1-0"]
[WhiteElo "1558"]
[BlackElo "1365"]
[PlyCount "95"]
[EventDate "2023.12.27"]
[EventType "swiss"]
[EventRounds "9"]
[EventCountry "IND"]
[SourceTitle "CBM 218 Extra"]
[Source "ChessBase"]
[SourceDate "2024.03.31"]
[SourceVersion "1"]
[SourceVersionDate "2024.03.31"]
[SourceQuality "1"]

1. e4 c6 2. c4 d5 3. cxd5 cxd5 4. exd5 Nf6 5. Qa4+ Nbd7 6. Nc3 g6 7. Nf3 Bg7 8. Bc4 0-0 9. d3 Nb6 10. Qb3 Bg4 11. Ne5 Bf5 12. Be3 Qc7 13. f4 Nh5 14. Nb5 Qb8 15. d4 a6 16. Na3 Qc7 17. Rc1 Qd8 18. 0-0 Nf6 19. d6 e6 20. d7 Nbxd7 21. Rfd1 Be4 22. Nxf7 Rxf7 23. Bxe6 Qe7 24. d5 Kf8 25. Rc7 Qd6 26. Qxb7 Rb8 27. Qc6 Qe7 28. Bc5 Qxc5+ 29. Qxc5+ Nxc5 30. Rxf7+ Ke8 31. Rxg7 Nxe6 32. dxe6 Rxb2 33. Rd4 Rxg2+ 34. Kf1 Rxh2 35. Nc4 Rh1+ 36. Ke2 Rh2+ 37. Ke3 Rh3+ 38. Kd2 Rh2+ 39. Kc1 Rh1+ 40. Kb2 Rh2+ 41. Ka3 Rh3+ 42. Kb4 Nd5+ 43. Kc5 Rh5 44. Rxe4 Nxf4+ 45. Kc6 Kf8 46. Rf7+ Ke8 47. Nd6+ Kd8 48. e7# 1-0

[Event "Asia-ch U08 Girls"]
[Site "Al Ain"]
[Date "2023.12.18"]
[Round "6"]
[White "Sharvaanica, AS."]
[Black "Divi, Bijesh"]
[Result "1/2-1/2"]
[WhiteElo "1365"]
[BlackElo "1276"]
[PlyCount "102"]
[EventDate "2023.12.14"]
[EventType "swiss"]
[EventRounds "9"]
[EventCountry "UAE"]
[SourceTitle "EXT 2025"]
[Source "ChessBase"]
[SourceDate "2024.10.14"]
[SourceVersion "1"]
[SourceVersionDate "2024.10.14"]
[SourceQuality "1"]

1. d4 d5 2. c4 e6 3. Nf3 Nf6 4. g3 Be7 5. Bg2 0-0 6. 0-0 dxc4 7. Qa4 a6 8. Qxc4 b5 9. Qc2 Bb7 10. Bd2 Be4 11. Qc1 c6 12. Be3 Nbd7 13. Rd1 Rc8 14. Nc3 Bg6 15. a3 Nd5 16. Bf4 N7f6 17. Ne5 Nxf4 18. Qxf4 Nd5 19. Qf3 Bf6 20. Nxg6 hxg6 21. e4 Nxc3 22. Qxc3 c5 23. e5 cxd4 24. Qe1 Be7 25. Qe4 Bc5 26. Rac1 Ba7 27. Qb7 Rxc1 28. Rxc1 Qb6 29. Rc7 Qxb7 30. Rxb7 Bb8 31. f4 Rc8 32. Bf1 Bc7 33. Kf2 f6 34. exf6 gxf6 35. Ra7 Bd8 36. Bd3 Rc6 37. Bxg6 f5 38. Bh5 Rc2+ 39. Ke1 Rxh2 40. Ra8 Rxh5 41. Rxd8+ Kf7 42. Rxd4 Rh2 43. b3 Ra2 44. a4 bxa4 45. Rxa4 Rxa4 46. bxa4 Ke7 47. Ke2 Kd6 48. Kf3 Kc5 49. g4 fxg4+ 50. Kxg4 a5 51. Kg5 Kb4 1/2-1/2

[Event "Asia-ch U08 Girls"]
[Site "Al Ain"]
[Date "2023.12.16"]
[Round "4"]
[White "Sharvaanica, AS."]
[Black "Tvesha, Ashish Jain"]
[Result "1-0"]
[WhiteElo "1365"]
[BlackElo "1220"]
[PlyCount "89"]
[EventDate "2023.12.14"]
[EventType "swiss"]
[EventRounds "9"]
[EventCountry "UAE"]
[SourceTitle "EXT 2025"]
[Source "ChessBase"]
[SourceDate "2024.10.14"]
[SourceVersion "1"]
[SourceVersionDate "2024.10.14"]
[SourceQuality "1"]

1. d4 d5 2. c4 dxc4 3. Nf3 Nf6 4. e3 Nc6 5. Bxc4 Bg4 6. Qb3 e6 7. Qxb7 Bxf3 8. gxf3 Nb4 9. Qb5+ c6 10. Qa4 Rc8 11. Bd2 Nbd5 12. Ba6 Nb6 13. Qc2 Rc7 14. Nc3 Bb4 15. 0-0-0 Bxc3 16. Qxc3 Nfd5 17. Qc2 0-0 18. e4 Ne7 19. Be3 Nd7 20. Bf4 e5 21. dxe5 Ng6 22. Bg3 Qg5+ 23. Qd2 Qxd2+ 24. Rxd2 Nc5 25. Bc4 Rb7 26. Rc2 Kh8 27. Rd1 Na4 28. b3 Nb6 29. Ba6 Re7 30. f4 Rfe8 31. Rxc6 h6 32. Bc4 Nxc4 33. Rxc4 Rb7 34. Rd5 Kh7 35. f5 Ne7 36. Rdc5 Rd7 37. Rc7 Rd3 38. Rxa7 Ng8 39. Rxf7 Ne7 40. Rc7 Nc8 41. Rxg7+ Kh8 42. f6 Red8 43. Rh7+ Kg8 44. Rcg7+ Kf8 45. Rh8# 1-0

[Event "IND-ch U11 Girls"]
[Site "Visakhapatnam"]
[Date "2023.10.05"]
[Round "9"]
[White "Arpita, Patankar"]
[Black "Sharvaanica, AS."]
[Result "1-0"]
[WhiteElo "1247"]
[BlackElo "1466"]
[PlyCount "151"]
[EventDate "2023.10.01"]
[EventType "swiss"]
[EventRounds "11"]
[EventCountry "IND"]
[SourceTitle "EXT 2025"]
[Source "ChessBase"]
[SourceDate "2024.10.14"]
[SourceVersion "1"]
[SourceVersionDate "2024.10.14"]
[SourceQuality "1"]

1. d4 Nf6 2. Nf3 d5 3. c4 e6 4. g3 Bb4+ 5. Bd2 Bxd2+ 6. Nbxd2 Nbd7 7. Bg2 0-0 8. 0-0 c6 9. Qc2 Re8 10. e4 dxe4 11. Nxe4 Nxe4 12. Qxe4 Nf6 13. Qc2 Qd6 14. Rfd1 b6 15. Rac1 Bb7 16. Ne5 Nd7 17. c5 Nxc5 18. Nxf7 Qe7 19. Nh6+ gxh6 20. dxc5 Rac8 21. Qd2 Qf6 22. Qe2 Qg5 23. h4 Qf6 24. Bh3 Rc7 25. Rd6 Rce7 26. Qg4+ Rg7 27. Qd4 Qxd4 28. Rxd4 e5 29. Rd6 Ree7 30. Rxh6 e4 31. Re6 e3 32. Rxe7 Rxe7 33. fxe3 Rxe3 34. Kf2 Rd3 35. cxb6 axb6 36. Rc2 c5 37. Bg2 Bxg2 38. Kxg2 Kf7 39. Re2 c4 40. Kh3 Kf6 41. a3 Kf5 42. Rc2 Rd4 43. Rf2+ Ke5 44. Rf7 Rd2 45. Rc7 Rc2 46. Rc6 Kd5 47. Rxb6 Kc5 48. Rb8 h5 49. g4 hxg4+ 50. Kxg4 Rg2+ 51. Kf5 Rf2+ 52. Kg6 Rg2+ 53. Kh6 Kd5 54. h5 Rh2 55. Kg6 Rg2+ 56. Kh7 Ke6 57. h6 Rh2 58. a4 Kd7 59. a5 Kc7 60. Rb4 Rc2 61. Kg8 Rg2+ 62. Kh8 Kc6 63. h7 Kc5 64. Rb8 Kc6 65. a6 c3 66. a7 c2 67. a8Q+ Kc5 68. Qxg2 c1Q 69. Rc8+ Kd6 70. Rxc1 Ke7 71. Re1+ Kd7 72. Qd5+ Kc7 73. Re7+ Kb6 74. Re6+ Ka7 75. Qd7+ Kb8 76. Re8# 1-0

[Event "Wch U08 Girls blitz"]
[Site "Batumi"]
[Date "2023.06.10"]
[Round "4"]
[White "Sharvaanica, AS."]
[Black "Divi, Bijesh"]
[Result "1-0"]
[WhiteElo "1125"]
[BlackElo "1166"]
[PlyCount "63"]
[EventDate "2023.06.10"]
[EventType "swiss (blitz)"]
[EventRounds "11"]
[EventCountry "GEO"]
[SourceTitle "EXT 2024"]
[Source "ChessBase"]
[SourceDate "2023.10.10"]
[SourceVersion "1"]
[SourceVersionDate "2023.10.10"]
[SourceQuality "1"]
[WhiteTeam "Indien"]
[BlackTeam "Indien"]
[WhiteTeamCountry "IND"]
[BlackTeamCountry "IND"]

1. d4 d5 2. c4 e6 3. Nf3 Nf6 4. g3 Be7 5. Bg2 0-0 6. 0-0 dxc4 7. Qa4 a6 8. Qxc4 b5 9. Qc2 Bb7 10. Bd2 Be4 11. Qc1 c6 12. Nc3 Bg6 13. Bg5 Nbd7 14. Rd1 h6 15. Bf4 Rc8 16. Ne5 Nd5 17. Nxg6 fxg6 18. Bh3 Nxf4 19. gxf4 Rf6 20. Ne4 Rf5 21. Bxf5 gxf5 22. Ng3 c5 23. Qe3 Rc6 24. d5 exd5 25. Rxd5 Bf6 26. Rad1 Bd4 27. Qb3 Kh8 28. e3 c4 29. Qc2 Qc7 30. R5xd4 Nc5 31. Qxf5 Nd3 32. Qe4 1-0